Najväčší prepad zahraničných investícií za 30 rokov
Stredná Európa prilákala investorov vďaka prípravám desiatich krajín na členstvo v EÚ. Prehľad najúspešnejších a najstratovejších štátov v oblasti investícií. Nepriaznivá bilancia v USA. Nárast investícií v Číne.
Salvato in:
| Autore principale: | |
|---|---|
| Natura: | Capitolo di libro |
| Lingua: | slovacco |
| Soggetti: | |
| Tags: |
Nessun Tag, puoi essere il primo ad aggiungerne!!
|
MARC
| LEADER | 00000naa$a2200000$$$4500 | ||
|---|---|---|---|
| 001 | 0002474 | ||
| 005 | 20230925124054.3 | ||
| 041 | 0 | |a slo | |
| 044 | |a SK | ||
| 245 | 1 | 0 | |a Najväčší prepad zahraničných investícií za 30 rokov |c aut. Dana Pálková |
| 520 | |a Stredná Európa prilákala investorov vďaka prípravám desiatich krajín na členstvo v EÚ. Prehľad najúspešnejších a najstratovejších štátov v oblasti investícií. Nepriaznivá bilancia v USA. Nárast investícií v Číne. | ||
| 610 | 2 | 0 | |a investície priame zahraničné |
| 610 | 2 | 0 | |a SVE |
| 610 | 2 | 0 | |a investori |
| 610 | 2 | 0 | |a kapitál |
| 610 | 2 | 0 | |a krajiny vyspelé |
| 610 | 2 | 0 | |a krajiny rozvojové |
| 610 | 2 | 0 | |a Čína |
| 610 | 2 | 0 | |a USA |
| 610 | 2 | 0 | |a Európska únia |
| 100 | 1 | |a Pálková, Dana | |